000 00859nam a22002415i 4500
001 172036
003 ES-MaACL
005 20230906214810.0
008 090612s1981 sp |||| | spa d
080 _a008:297
100 1 _aSourdel, Dominique.
_9107571
245 1 3 _aLa civilización clásica del Islam /
_cD. y J. Sourdel ; traducción [del francés] de Dolores Sánchez de Aleu.
250 _a[1ª ed.].
260 _aBarcelona :
_bJuventud,
_c1981.
300 _a697 p., 78 h. con lám. neg. y col., 2 h. con map. pleg. :
_bil. ;
_c23 cm.
490 1 _aLas grandes civilizaciones ;
_v8
650 1 4 _aCivilización musulmana.
_911099
700 1 _aSourdel, Janine.
_9140641
700 1 _aSánchez Aleu, Dolores.
_9174488
830 0 _aLas grandes civilizaciones ;
_v8
_9223239
852 _aES-MaACL
_jL-2772
_9R.103235
999 _c172036
_d172036